000 00556nam a2200229Ia 4500
003 OSt
005 20231204100636.0
008 210210b1957 xxu||||| |||| 00| 0 eng d
040 _cAL
041 _aeng
082 _a822/163
100 _aBRANDER (L) Ed
_9144139
245 _aPortrait of the present
260 _aLondon
_bOxford University Press
_c1957
650 _athe
_9144140
650 _apresent
_9144141
650 _aPortrait
_9144142
650 _aof
_9144143
690 _aEnglish Prose
_9144144
906 _a012350
942 _2ddc
_cBK
999 _c131145
_d131145